00881nam a22002417a 4500003000500000005001700005008004100022010001100063011001100074035001100085040000900096110000800105245025200113260002300365300001000388500004300398650003900441650002800480650003400508650003300542650002200575700004200597CHAP20220817044520.0120410s1992 it rn 00010 spa d a103045 a104017 a114706 cCHAP2 aFAO10aPrograma de asesoramiento en ordenación y legislación pesquera :binforme preparado para el gobierno de México sobre consejos para la investigación de recursos pesqueros con enfasis en el uso de barcos de investigación pesquerac/por FAO aRoma :bFAO,c1992 a20 p. aGCP/INT/466/NOR Informe de campo 92/2114aBarcos pesquerosxInvestigación.14aPescaxInvestigación.14aPescaxleyes y legislación.14aProgramas de capacitación.14aRecursos marinos.1 aSaetersdal, G.e, consultor de la FAO